Communication systems / (Record no. 188686)

000 -LEADER
fixed length control field 01183 a2200241 4500
003 - CONTROL NUMBER IDENTIFIER
control field Nust
005 - DATE AND TIME OF LATEST TRANSACTION
control field 20221208193136.0
010 ## - LIBRARY OF CONGRESS CONTROL NUMBER
LC control number 93047663
020 ## - INTERNATIONAL STANDARD BOOK NUMBER
International Standard Book Number 9971511703
020 ## - INTERNATIONAL STANDARD BOOK NUMBER
International Standard Book Number 9971511703
040 ## - CATALOGING SOURCE
Transcribing agency Nust
082 00 - DEWEY DECIMAL CLASSIFICATION NUMBER
Classification number 621.382,HAY
100 1# - MAIN ENTRY--PERSONAL NAME
Personal name Haykin, Simon S.,
9 (RLIN) 97334
245 10 - TITLE STATEMENT
Title Communication systems /
Statement of responsibility, etc. Simon Haykin.
250 ## - EDITION STATEMENT
Edition statement 3rd ed.
260 ## - PUBLICATION, DISTRIBUTION, ETC.
Place of publication, distribution, etc. New York :
Name of publisher, distributor, etc. Wiley,
Date of publication, distribution, etc. c1994.
300 ## - PHYSICAL DESCRIPTION
Extent xvi, 872 p. :
Other physical details ill. ;
Dimensions 26 cm.
505 ## - FORMATTED CONTENTS NOTE
Formatted contents note Introduction (Page-1), Representation of Signals and Systems (Page-27), Continuous-Wave Modulation (Page-121) ,Random Processes (Page-218), Noise CW Modulation Systems (Page-113), Pulse Modulation (Page-351), Baseband Transmission (Page-412), Digital Passband Transmission (Page-473), Spread-Spectrum Modulation (Page-578), Fundamental Limits in Information Theory (Page-614), Error Control Coding (Page-670), Advanced Communication Systems (Page-730).
650 #0 - SUBJECT ADDED ENTRY--TOPICAL TERM
Topical term or geographic name entry element Telecommunications engineering.
9 (RLIN) 58485
856 4# - ELECTRONIC LOCATION AND ACCESS
Materials specified Publisher description
Uniform Resource Identifier <a href="http://www.loc.gov/catdir/enhancements/fy0607/93047663-d.html">http://www.loc.gov/catdir/enhancements/fy0607/93047663-d.html</a>
856 4# - ELECTRONIC LOCATION AND ACCESS
Materials specified Table of Contents only
Uniform Resource Identifier <a href="http://www.loc.gov/catdir/toc/onix01/93047663.html">http://www.loc.gov/catdir/toc/onix01/93047663.html</a>
942 ## - ADDED ENTRY ELEMENTS (KOHA)
Source of classification or shelving scheme
Koha item type Book
Holdings
Withdrawn status Lost status Source of classification or shelving scheme Damaged status Not for loan Permanent Location Current Location Shelving location Date acquired Full call number Barcode Date last seen Price effective from Koha item type Public note
          Military College of Signals (MCS) Military College of Signals (MCS) General Stacks 12/12/2016 621.382,HAY MCS27351 12/08/2016 12/12/2016 Book Almirah No.35, Shelf No.3
© 2023 Central Library, National University of Sciences and Technology. All Rights Reserved.